000 00428nam a2200169Ia 4500
008 220204s9999 xx 000 0 und d
082 _a577.15
_bWAL
100 _aWALSH, Christopher
245 0 _aEnzymatic reaction mechanisms
260 _aSan Francisco
_bWH Freeman
_c1977
650 _aBiochemistry
650 _aEnzyme
650 _aGlutamine
650 _aIsomerization
650 _aPhosphoryl transfer
942 _cBK
999 _c34575
_d34575